Việt Nam tham vấn cộng đồng về dự thảo chiến lược toàn dân, về tăng trưởng và xóa đói giảm nghèo của Việt Nam
Sparad:
| Materialtyp: | Bok |
|---|---|
| Språk: | Undetermined |
| Publicerad: |
Hà Nội
Ngân hàng Thế Giới
2002
|
| Ämnen: | |
| Taggar: |
Lägg till en tagg
Inga taggar, Lägg till första taggen!
|
| Thư viện lưu trữ: | Trung tâm Học liệu Trường Đại học Cần Thơ |
|---|
| LEADER | 00593nam a2200169Ia 4500 | ||
|---|---|---|---|
| 001 | CTU_62562 | ||
| 008 | 210402s9999 xx 000 0 und d | ||
| 020 | |b 15000 | ||
| 082 | |a 362.5 | ||
| 082 | |b S524/Vol.3 | ||
| 245 | 0 | |a Việt Nam tham vấn cộng đồng về dự thảo chiến lược toàn dân, về tăng trưởng và xóa đói giảm nghèo của Việt Nam | |
| 260 | |a Hà Nội | ||
| 260 | |b Ngân hàng Thế Giới | ||
| 260 | |c 2002 | ||
| 650 | |a poverty | ||
| 904 | |i mInh | ||
| 980 | |a Trung tâm Học liệu Trường Đại học Cần Thơ | ||